| 000 | 01061nam0a22002771 4500 | ||
|---|---|---|---|
| 001 | rc\555048 | ||
| 005 | 20030616170259.3 | ||
| 035 | _a(NLR Aleph) 005790555 | ||
| 090 |
_a5192188 _c5192188 |
||
| 100 | _a20030616d1988 u |0rusy50 ca | ||
| 101 | 0 | _arus | |
| 102 | _aRU | ||
| 105 | _aa ||||||||| | ||
| 200 | 1 |
_aОриентацонные колебания диполей пептидных групп в α-спирали _fИ.А. Гойчук, В.В. Кухтин, Э.Г. Петров |
|
| 210 |
_aКиев _cИТФ _d1988 |
||
| 215 |
_a21 с. _cил. _d20 |
||
| 225 | 1 |
_aПрепринт _fАН УССР, Ин-т теорет. физики _vИТФ-88-132Р |
|
| 320 | _aБиблиогр.: с. 18-19 (23 назв.) | ||
| 700 | 1 |
_aГойчук _bИ. А. _gИгорь Александрович |
|
| 701 | 1 |
_aКухтин _bВ. В. _gВалерий Васильевич |
|
| 701 | 1 |
_aПетров _bЭ. Г. _gЭльмар Григорьевич |
|
| 801 | 0 |
_aRU _bNLR _gpsbo |
|
| 801 | 1 |
_aRU _bELAR _2rusmarc |
|
| 852 |
_aNLR _j88-4/24295 |
||
| 942 | _cBOOK | ||
| 980 | _aNB | ||